01008nam a22001337a 4500003000900000005001700009008004100026040001300067100002100080245003200101260005400133300001800187520066900205IT-RoPau20220918175936.0121206b xxu||||| |||| 00| 0 eng d cIT-RoPau aTriverio Fiorino aCappella del seminario Alba aAlbabLitografia Monastero Suore Domenicanec2002 a54 pp.c21 cm aIndice Il Vescovo di Alba Presentazione Una degna casa di Dio "decoris domus Dei imitabile exemplar" La pergamena della "prima pietra" Un po' di storia La cappella e il suo stile La bellezza nella ricchezza dei marmi L'Altare La pregevoli vetrate L'eseuberante decorazione La parete frontale 1) la grande Icona 2) A fianco dell'Icona: due Santi giovani 3) Sotto l'Icona: la Croce con gli Evangelisti 4) Sopra l'Icona: la SS.ma Trinità€ 5) Dietro l'Icona: la "Nicchia" Le due vie del Cristiano: la Croce e la Beatitudine 1) La Via Crucis 2) Le Beatitudini L'arte nella preziosità€ del legno La statua in legno della Madonna La voce dell'Organo A conclusione